[Event "George Trundle NZ Qualifiers 2017"]
[Site "Auckland, NZL"]
[Date "2017.10.07"]
[Round "8.1"]
[White "Milligan, Helen"]
[Black "Morrell, Gordon"]
[Result "0-1"]
[BlackElo "2030"]
[WhiteElo "2007"]
[LiveChessVersion "1.4.8"]

1. e4 {[%clk 1:30:57]} c5 {[%clk 1:30:54]} 2. Nf3 {[%clk 1:31:22]} e6
{[%clk 1:31:18]} 3. d4 {[%clk 1:31:48]} cxd4 {[%clk 1:31:44]} 4. Nxd4
{[%clk 1:32:13]} Nf6 {[%clk 1:32:10]} 5. Bd3 {[%clk 1:31:17]} Nc6
{[%clk 1:32:06]} 6. Be3 {[%clk 1:28:28]} d6 {[%clk 1:28:56]} 7. Nc3
{[%clk 1:25:12]} a6 {[%clk 1:29:02]} 8. O-O {[%clk 1:24:21]} Be7 {[%clk 1:26:48]}
9. Kh1 {[%clk 1:24:13]} Qc7 {[%clk 1:17:35]} 10. f4 {[%clk 1:21:37]} Bd7
{[%clk 1:16:24]} 11. Qe2 {[%clk 1:17:45]} O-O {[%clk 1:13:32]} 12. a3
{[%clk 1:14:54]} Rfe8 {[%clk 1:10:42]} 13. Rae1 {[%clk 1:09:57]} Rad8
{[%clk 0:57:48]} 14. Qf3 {[%clk 1:05:01]} Nxd4 {[%clk 0:35:33]} 15. Bxd4
{[%clk 1:05:21]} e5 {[%clk 0:34:03]} 16. Be3 {[%clk 1:04:32]} Bc6
{[%clk 0:29:56]} 17. Nd5 {[%clk 1:01:45]} Bxd5 {[%clk 0:27:33]} 18. exd5
{[%clk 1:02:09]} e4 {[%clk 0:27:37]} 19. Bxe4 {[%clk 1:01:47]} Nxe4
{[%clk 0:23:28]} 20. Qxe4 {[%clk 1:01:54]} Bh4 {[%clk 0:21:08]} 21. Qb4
{[%clk 0:55:49]} Bxe1 {[%clk 0:19:20]} 22. Rxe1 {[%clk 0:56:12]} Qxc2
{[%clk 0:18:45]} 23. Bb6 {[%clk 0:52:20]} Rxe1+ {[%clk 0:17:39]} 24. Qxe1
{[%clk 0:52:44]} Rc8 {[%clk 0:18:02]} 0-1

[Event "George Trundle NZ Qualifiers 2017"]
[Site "Auckland, NZL"]
[Date "2017.10.07"]
[Round "8.2"]
[White "Polishchuk, Kirill"]
[Black "Zhang, Jasmine Haomo"]
[Result "1-0"]
[BlackElo "1826"]
[WhiteElo "2134"]
[LiveChessVersion "1.4.8"]

1. e4 {[%clk 1:30:58]} c5 {[%clk 1:30:55]} 2. d4 {[%clk 1:31:24]} cxd4
{[%clk 1:31:18]} 3. c3 {[%clk 1:31:51]} dxc3 {[%clk 1:31:43]} 4. Nxc3
{[%clk 1:32:17]} d6 {[%clk 1:31:51]} 5. Nf3 {[%clk 1:31:28]} Nd7 {[%clk 1:31:37]}
6. Bc4 {[%clk 1:30:57]} e6 {[%clk 1:30:11]} 7. Bf4 {[%clk 1:29:05]} Qc7
{[%clk 1:27:46]} 8. Qe2 {[%clk 1:28:04]} a6 {[%clk 1:27:51]} 9. O-O
{[%clk 1:25:03]} Ngf6 {[%clk 1:27:56]} 10. Rac1 {[%clk 1:22:03]} Qb6
{[%clk 1:20:27]} 11. e5 {[%clk 0:53:38]} dxe5 {[%clk 1:16:33]} 12. Nxe5
{[%clk 0:53:31]} Nxe5 {[%clk 0:57:09]} 13. Bxe5 {[%clk 0:52:56]} Be7
{[%clk 0:57:26]} 14. Bxf6 {[%clk 0:50:02]} Bxf6 {[%clk 0:57:18]} 15. Nd5
{[%clk 0:50:13]} Qd8 {[%clk 0:54:47]} 16. Nc7+ {[%clk 0:47:27]} Ke7
{[%clk 0:50:41]} 17. Nxa8 {[%clk 0:46:32]} Bd7 {[%clk 0:51:05]} 18. Nc7
{[%clk 0:44:08]} Qxc7 {[%clk 0:46:22]} 19. Bxe6 {[%clk 0:43:56]} Qe5
{[%clk 0:46:26]} 20. Qxe5 {[%clk 0:44:03]} Bxe5 {[%clk 0:46:50]} 21. Bxd7
{[%clk 0:44:21]} Kxd7 {[%clk 0:47:16]} 22. Rfd1+ {[%clk 0:44:15]} Bd6
{[%clk 0:45:37]} 23. Rc3 {[%clk 0:43:53]} Re8 {[%clk 0:43:23]} 24. Rb3
{[%clk 0:43:32]} Kc7 {[%clk 0:43:25]} 25. Rc3+ {[%clk 0:43:17]} Kd7
{[%clk 0:42:43]} 26. g3 {[%clk 0:43:31]} Re6 {[%clk 0:39:48]} 27. Kg2
{[%clk 0:42:52]} Ke7 {[%clk 0:37:59]} 28. Re3 {[%clk 0:40:21]} Rxe3
{[%clk 0:36:24]} 29. fxe3 {[%clk 0:40:41]} Bc5 {[%clk 0:36:39]} 30. Kf3
{[%clk 0:40:28]} g6 {[%clk 0:31:57]} 31. e4 {[%clk 0:38:23]} h5 {[%clk 0:30:22]}
32. a3 {[%clk 0:38:02]} a5 {[%clk 0:30:06]} 33. Ke2 {[%clk 0:34:51]} b6
{[%clk 0:29:10]} 34. Rd5 {[%clk 0:34:33]} Ke6 {[%clk 0:28:53]} 35. Kd3
{[%clk 0:32:30]} f5 {[%clk 0:26:09]} 36. Rd8 {[%clk 0:31:29]} Bg1
{[%clk 0:24:19]} 37. h3 {[%clk 0:25:42]} fxe4+ {[%clk 0:22:06]} 38. Kxe4
{[%clk 0:26:00]} Bf2 {[%clk 0:21:52]} 39. g4 {[%clk 0:25:22]} hxg4
{[%clk 0:20:39]} 40. hxg4 {[%clk 0:54:50]} Bc5 {[%clk 0:51:00]} 41. Rd5
{[%clk 0:48:03]} Bf2 {[%clk 0:40:40]} 42. Re5+ {[%clk 0:46:54]} Kf6
{[%clk 0:40:36]} 43. g5+ {[%clk 0:45:50]} Kf7 {[%clk 0:41:00]} 44. Kd5
{[%clk 0:42:27]} Bg3 {[%clk 0:38:36]} 45. Re4 {[%clk 0:42:24]} Kg7
{[%clk 0:36:29]} 46. Re7+ {[%clk 0:40:51]} Kf8 {[%clk 0:35:20]} 47. Re6
{[%clk 0:38:54]} Kf7 {[%clk 0:33:46]} 48. Rf6+ {[%clk 0:39:07]} Kg7
{[%clk 0:34:11]} 49. Rxb6 {[%clk 0:39:01]} Bh4 {[%clk 0:34:32]} 50. Rb7+
{[%clk 0:38:56]} Kf8 {[%clk 0:34:53]} 51. Ra7 {[%clk 0:38:19]} Bxg5
{[%clk 0:34:59]} 52. Rxa5 {[%clk 0:38:27]} Bd2 {[%clk 0:34:54]} 53. Ra8+
{[%clk 0:34:08]} Ke7 {[%clk 0:35:10]} 54. Ke5 {[%clk 0:34:04]} g5
{[%clk 0:35:10]} 55. Ra7+ {[%clk 0:34:08]} Kd8 {[%clk 0:35:29]} 56. Kf5
{[%clk 0:34:15]} Be3 {[%clk 0:35:43]} 57. Rh7 {[%clk 0:33:30]} Bc1
{[%clk 0:35:53]} 58. Rh2 {[%clk 0:32:58]} Bf4 {[%clk 0:35:53]} 59. Rc2
{[%clk 0:33:20]} 1-0

[Event "George Trundle NZ Qualifiers 2017"]
[Site "Auckland, NZL"]
[Date "2017.10.07"]
[Round "8.3"]
[White "James, Jack"]
[Black "Nyberg, Michael"]
[Result "0-1"]
[BlackElo "1881"]
[WhiteElo "2062"]
[LiveChessVersion "1.4.8"]

1. d4 {[%clk 1:25:43]} d5 {[%clk 1:30:47]} 2. Nf3 {[%clk 1:26:03]} Nf6
{[%clk 1:31:04]} 3. c4 {[%clk 1:26:27]} e6 {[%clk 1:31:10]} 4. g3
{[%clk 1:26:13]} c6 {[%clk 1:29:43]} 5. Bg2 {[%clk 1:26:31]} Bd6 {[%clk 1:27:51]}
6. O-O {[%clk 1:26:26]} Nbd7 {[%clk 1:26:29]} 7. Nbd2 {[%clk 1:24:17]} O-O
{[%clk 1:25:43]} 8. b3 {[%clk 1:22:26]} b6 {[%clk 1:23:00]} 9. Bb2
{[%clk 1:13:48]} Bb7 {[%clk 1:15:44]} 10. Qc2 {[%clk 1:08:30]} Qc7
{[%clk 1:11:53]} 11. e4 {[%clk 0:58:04]} dxe4 {[%clk 0:45:20]} 12. Ng5
{[%clk 0:46:06]} h6 {[%clk 0:43:02]} 13. Ngxe4 {[%clk 0:45:29]} Be7
{[%clk 0:43:17]} 14. Rad1 {[%clk 0:40:18]} Rad8 {[%clk 0:40:41]} 15. Rfe1
{[%clk 0:35:36]} Rfe8 {[%clk 0:40:26]} 16. Nxf6+ {[%clk 0:21:24]} Nxf6
{[%clk 0:39:35]} 17. Ne4 {[%clk 0:20:29]} Nxe4 {[%clk 0:31:41]} 18. Qxe4
{[%clk 0:18:30]} Bf6 {[%clk 0:31:25]} 19. f4 {[%clk 0:18:11]} Re7
{[%clk 0:28:10]} 20. Ba1 {[%clk 0:09:49]} Qd6 {[%clk 0:23:21]} 21. Qe3
{[%clk 0:06:00]} Red7 {[%clk 0:16:05]} 22. Bf3 {[%clk 0:05:44]} Qe7
{[%clk 0:06:56]} 23. Bc3 {[%clk 0:03:20]} c5 {[%clk 0:05:50]} 24. dxc5
{[%clk 0:02:38]} Bxc3 {[%clk 0:06:09]} 25. Rxd7 {[%clk 0:02:12]} Rxd7
{[%clk 0:06:23]} 26. Qxc3 {[%clk 0:01:51]} Qxc5+ {[%clk 0:06:35]} 27. Kg2
{[%clk 0:01:18]} Qc7 {[%clk 0:04:23]} 28. Qe3 {[%clk 0:01:10]} Bxf3+
{[%clk 0:04:12]} 29. Kxf3 {[%clk 0:01:34]} Qd6 {[%clk 0:04:12]} 30. Kf2
{[%clk 0:01:13]} Qa3 {[%clk 0:03:14]} 31. Qe2 {[%clk 0:00:40]} Qa5
{[%clk 0:03:23]} 32. Rd1 {[%clk 0:00:44]} Rxd1 {[%clk 0:03:46]} 33. Qxd1
{[%clk 0:01:09]} Qxa2+ {[%clk 0:04:12]} 34. Kg1 {[%clk 0:01:30]} Qa5
{[%clk 0:04:08]} 35. Qd8+ {[%clk 0:00:41]} Kh7 {[%clk 0:04:30]} 36. Qd7
{[%clk 0:00:49]} Qa1+ {[%clk 0:02:28]} 37. Kg2 {[%clk 0:01:14]} Qb2+
{[%clk 0:02:52]} 38. Kh3 {[%clk 0:01:33]} Qxb3 {[%clk 0:03:12]} 39. Qxa7
{[%clk 0:00:51]} Qxc4 {[%clk 0:03:33]} 40. Qxb6 {[%clk 0:30:38]} Qf1+
{[%clk 0:32:51]} 41. Kh4 {[%clk 0:24:39]} Qg2 {[%clk 0:30:40]} 42. h3
{[%clk 0:20:55]} g5+ {[%clk 0:28:47]} 43. fxg5 {[%clk 0:21:15]} hxg5+
{[%clk 0:29:15]} 44. Kxg5 {[%clk 0:18:59]} Qxg3+ {[%clk 0:27:59]} 45. Kf6
{[%clk 0:19:04]} Qg7+ {[%clk 0:26:17]} 46. Ke7 {[%clk 0:19:27]} e5
{[%clk 0:26:28]} 47. Qb1+ {[%clk 0:17:55]} Qg6 {[%clk 0:26:45]} 48. Qe1
{[%clk 0:16:27]} Qe6+ {[%clk 0:26:19]} 49. Kf8 {[%clk 0:15:44]} e4
{[%clk 0:26:40]} 50. h4 {[%clk 0:08:54]} f5 {[%clk 0:21:40]} 51. Qc3
{[%clk 0:06:51]} Qh6+ {[%clk 0:21:58]} 52. Ke8 {[%clk 0:06:19]} Qg6+
{[%clk 0:22:18]} 53. Kd8 {[%clk 0:06:35]} Qg8+ {[%clk 0:22:41]} 0-1

[Event "George Trundle NZ Qualifiers 2017"]
[Site "Auckland, NZL"]
[Date "2017.10.07"]
[Round "8.4"]
[White "Goodhue, Nathan"]
[Black "Macdonald, Paul"]
[Result "1/2-1/2"]
[BlackElo "2033"]
[WhiteElo "1976"]
[LiveChessVersion "1.4.8"]

1. b3 {[%clk 1:26:16]} d5 {[%clk 1:30:51]} 2. Bb2 {[%clk 1:26:38]} c5
{[%clk 1:31:16]} 3. e3 {[%clk 1:26:25]} Nc6 {[%clk 1:29:36]} 4. d4
{[%clk 1:26:06]} cxd4 {[%clk 1:28:12]} 5. exd4 {[%clk 1:26:19]} Nf6
{[%clk 1:27:13]} 6. c3 {[%clk 1:20:37]} Bf5 {[%clk 1:27:04]} 7. Bd3
{[%clk 1:20:23]} Bxd3 {[%clk 1:27:12]} 8. Qxd3 {[%clk 1:20:48]} e6
{[%clk 1:27:35]} 9. Nf3 {[%clk 1:15:45]} Bd6 {[%clk 1:26:55]} 10. Nbd2
{[%clk 1:16:04]} O-O {[%clk 1:27:12]} 11. O-O {[%clk 1:16:29]} Qe7
{[%clk 1:09:49]} 12. Rfe1 {[%clk 1:04:21]} Ba3 {[%clk 1:09:57]} 13. Bc1
{[%clk 0:57:42]} a5 {[%clk 1:08:03]} 14. Nb1 {[%clk 0:54:22]} Bd6
{[%clk 1:07:59]} 15. a4 {[%clk 0:53:44]} Ne4 {[%clk 1:07:57]} 16. Ba3
{[%clk 0:51:37]} f5 {[%clk 1:06:29]} 17. Bxd6 {[%clk 0:50:47]} Qxd6
{[%clk 1:06:57]} 18. Nbd2 {[%clk 0:49:25]} g5 {[%clk 0:50:56]} 19. Nf1
{[%clk 0:49:13]} g4 {[%clk 0:49:00]} 20. N3d2 {[%clk 0:48:20]} e5
{[%clk 0:29:10]} 21. Nxe4 {[%clk 0:38:28]} fxe4 {[%clk 0:26:37]} 22. Qg3
{[%clk 0:33:34]} Qf6 {[%clk 0:25:59]} 23. Ne3 {[%clk 0:33:21]} exd4
{[%clk 0:20:49]} 24. Nxd5 {[%clk 0:31:17]} Qf5 {[%clk 0:20:01]} 25. Nc7
{[%clk 0:26:58]} Rad8 {[%clk 0:19:05]} 26. cxd4 {[%clk 0:27:18]} Nxd4
{[%clk 0:16:14]} 27. Rac1 {[%clk 0:24:01]} Kh8 {[%clk 0:08:47]} 28. Nb5
{[%clk 0:23:48]} Nxb5 {[%clk 0:08:05]} 29. axb5 {[%clk 0:24:16]} Rd3
{[%clk 0:07:39]} 30. Re3 {[%clk 0:23:04]} h5 {[%clk 0:05:40]} 31. Rxd3
{[%clk 0:22:55]} exd3 {[%clk 0:06:01]} 32. Qe3 {[%clk 0:20:38]} Kh7
{[%clk 0:05:59]} 33. Rd1 {[%clk 0:15:49]} Rf7 {[%clk 0:02:55]} 34. Qxd3
{[%clk 0:16:04]} Qxd3 {[%clk 0:02:56]} 35. Rxd3 {[%clk 0:16:32]} Kg6
{[%clk 0:02:30]} 36. Rd5 {[%clk 0:14:49]} Rc7 {[%clk 0:01:16]} 37. g3
{[%clk 0:14:42]} Rc3 {[%clk 0:01:32]} 38. Rd6+ {[%clk 0:14:11]} Kf5
{[%clk 0:02:01]} 39. Rb6 {[%clk 0:14:26]} Rxb3 {[%clk 0:01:10]} 40. Rxb7
{[%clk 0:44:46]} a4 {[%clk 0:31:15]} 41. b6 {[%clk 0:44:04]} a3 {[%clk 0:30:04]}
42. Ra7 {[%clk 0:44:04]} Rxb6 {[%clk 0:23:24]} 43. Rxa3 {[%clk 0:44:08]} Rb2
{[%clk 0:23:10]} 44. Ra4 {[%clk 0:37:43]} Kg5 {[%clk 0:19:47]} 45. Kg2
{[%clk 0:37:22]} Rc2 {[%clk 0:19:21]} 46. Ra5+ {[%clk 0:37:26]} Kg6
{[%clk 0:19:44]} 47. Ra6+ {[%clk 0:37:41]} Kg5 {[%clk 0:20:08]} 48. Ra8
{[%clk 0:38:03]} Rb2 {[%clk 0:20:29]} 49. Rg8+ {[%clk 0:33:30]} Kf5
{[%clk 0:20:23]} 50. h3 {[%clk 0:32:11]} Ra2 {[%clk 0:19:38]} 51. h4
{[%clk 0:32:17]} Ra4 {[%clk 0:15:11]} 52. Rg5+ {[%clk 0:32:33]} Kf6
{[%clk 0:15:36]} 53. Rxh5 {[%clk 0:31:27]} Kg6 {[%clk 0:14:37]} 54. Rg5+
{[%clk 0:31:44]} Kf6 {[%clk 0:14:16]} 55. Rb5 {[%clk 0:30:52]} Kg6
{[%clk 0:14:32]} 56. Rb6+ {[%clk 0:30:53]} Kh5 {[%clk 0:14:22]} 57. Rf6
{[%clk 0:30:06]} Ra2 {[%clk 0:12:05]} 58. Rf5+ {[%clk 0:29:43]} Kh6
{[%clk 0:12:28]} 59. Rb5 {[%clk 0:29:49]} Rc2 {[%clk 0:12:42]} 60. Rb4
{[%clk 0:19:35]} Kh5 {[%clk 0:12:53]} 61. Kf1 {[%clk 0:18:49]} Ra2
{[%clk 0:10:36]} 62. Rf4 {[%clk 0:18:46]} Rb2 {[%clk 0:08:18]} 63. Rf5+
{[%clk 0:18:49]} Kh6 {[%clk 0:08:42]} 64. f3 {[%clk 0:19:10]} gxf3
{[%clk 0:08:49]} 65. Rxf3 {[%clk 0:19:32]} Kh5 {[%clk 0:08:31]} 66. Rf2
{[%clk 0:19:09]} Rb4 {[%clk 0:08:36]} 67. Ra2 {[%clk 0:14:30]} Kg4
{[%clk 0:08:13]} 68. Kg2 {[%clk 0:14:44]} Rc4 {[%clk 0:08:22]} 69. h5
{[%clk 0:14:41]} Kxh5 {[%clk 0:08:07]} 70. Kh3 {[%clk 0:15:02]} Rc5
{[%clk 0:06:56]} 71. Ra8 {[%clk 0:15:12]} Rb5 {[%clk 0:06:34]} 72. g4+
{[%clk 0:15:03]} Kg6 {[%clk 0:05:07]} 73. Kh4 {[%clk 0:15:18]} Rb6
{[%clk 0:03:58]} 74. Rg8+ {[%clk 0:13:06]} Kh7 {[%clk 0:04:18]} 75. Rg5
{[%clk 0:12:52]} Rh6+ {[%clk 0:03:03]} 76. Kg3 {[%clk 0:13:02]} Ra6
{[%clk 0:03:20]} 77. Rb5 {[%clk 0:13:08]} Kg6 {[%clk 0:03:43]} 78. Kh4
{[%clk 0:12:37]} Rc6 {[%clk 0:03:33]} 79. Ra5 {[%clk 0:04:58]} Rb6
{[%clk 0:03:55]} 80. Ra8 {[%clk 0:04:16]} Rc6 {[%clk 0:04:10]} 81. Rg8+
{[%clk 0:03:58]} Kh7 {[%clk 0:04:38]} 82. Rg5 {[%clk 0:03:27]} Rh6+
{[%clk 0:04:40]} 83. Rh5 {[%clk 0:03:49]} Kg6 {[%clk 0:04:56]} 84. Rxh6+
{[%clk 0:04:08]} Kxh6 {[%clk 0:05:22]} 85. g5+ {[%clk 0:04:32]} Kg6
{[%clk 0:05:43]} 86. Kg4 {[%clk 0:04:54]} Kg7 {[%clk 0:06:09]} 87. Kf5
{[%clk 0:05:07]} Kf7 {[%clk 0:06:34]} 88. g6+ {[%clk 0:05:15]} Kg7
{[%clk 0:06:59]} 89. Kg5 {[%clk 0:05:35]} Kg8 {[%clk 0:07:25]} 90. Kf6
{[%clk 0:05:33]} Kf8 {[%clk 0:07:51]} 91. g7+ {[%clk 0:05:50]} Kg8
{[%clk 0:08:16]} 92. Kg6 1/2-1/2

[Event "George Trundle NZ Qualifiers 2017"]
[Site "Auckland, NZL"]
[Date "2017.10.07"]
[Round "8.5"]
[White "Nicholls, Leighton"]
[Black "Fan, Allen Chi Zhou"]
[Result "1-0"]
[BlackElo "2077"]
[WhiteElo "1902"]
[LiveChessVersion "1.4.8"]

1. e4 {[%clk 1:30:57]} e6 {[%clk 1:29:53]} 2. d4 {[%clk 1:31:19]} d5
{[%clk 1:30:19]} 3. Bd3 {[%clk 1:31:23]} c5 {[%clk 1:29:49]} 4. c3
{[%clk 1:29:47]} Nc6 {[%clk 1:29:54]} 5. Ne2 {[%clk 1:28:31]} Nf6
{[%clk 1:28:29]} 6. e5 {[%clk 1:27:27]} Nd7 {[%clk 1:28:52]} 7. O-O
{[%clk 1:24:54]} a6 {[%clk 1:25:10]} 8. b3 {[%clk 1:21:38]} b5 {[%clk 1:15:59]}
9. f4 {[%clk 1:17:39]} Qb6 {[%clk 1:12:15]} 10. Bb2 {[%clk 1:10:42]} Be7
{[%clk 1:10:25]} 11. Nd2 {[%clk 1:05:16]} Bb7 {[%clk 0:55:42]} 12. Nf3
{[%clk 0:55:25]} f5 {[%clk 0:49:41]} 13. exf6 {[%clk 0:49:34]} gxf6
{[%clk 0:49:38]} 14. Kh1 {[%clk 0:46:42]} c4 {[%clk 0:47:22]} 15. Bc2
{[%clk 0:45:49]} O-O-O {[%clk 0:46:11]} 16. Qb1 {[%clk 0:38:51]} f5
{[%clk 0:40:54]} 17. a4 {[%clk 0:36:09]} Rdg8 {[%clk 0:39:46]} 18. Ba3
{[%clk 0:32:26]} Bxa3 {[%clk 0:39:00]} 19. Rxa3 {[%clk 0:32:53]} Kc7
{[%clk 0:37:38]} 20. axb5 {[%clk 0:30:58]} axb5 {[%clk 0:37:51]} 21. bxc4
{[%clk 0:30:51]} dxc4 {[%clk 0:33:24]} 22. d5 {[%clk 0:28:42]} exd5
{[%clk 0:32:58]} 23. Ned4 {[%clk 0:27:32]} b4 {[%clk 0:26:22]} 24. Ra1
{[%clk 0:26:50]} bxc3 {[%clk 0:21:47]} 25. Nb5+ {[%clk 0:26:52]} Kd8
{[%clk 0:21:11]} 26. Nxc3 {[%clk 0:21:42]} Nb4 {[%clk 0:15:04]} 27. Bxf5
{[%clk 0:21:27]} d4 {[%clk 0:13:00]} 28. Ne4 {[%clk 0:13:48]} Nc5
{[%clk 0:06:29]} 29. Nxc5 {[%clk 0:10:18]} Qxc5 {[%clk 0:06:57]} 30. Ra4
{[%clk 0:10:17]} Rxg2 {[%clk 0:03:13]} 31. Rxb4 {[%clk 0:06:34]} Rg1+
{[%clk 0:02:31]} 32. Kxg1 {[%clk 0:05:52]} Rg8+ {[%clk 0:01:11]} 33. Kh1
{[%clk 0:04:29]} d3 {[%clk 0:00:56]} 34. Rxb7 {[%clk 0:03:59]} 1-0